000 01480nam a2200301 a 4500
001 61803
003 BD-RjUL
005 20211209081014.0
008 170121s2006 bg a s o000 0|eng||
020 _a9845086586
_c: Tk. 500.00 Inland
035 _a(BD-RjUL)61927
040 _aDLC
_cDLC
_dDLC
_dBD-RjUL
_beng
041 0 _aengben
082 _223
_a304.6095492021
_bCHU 2006 (ZS)
110 _aBangladesh Bureau of Statistics.
_9179266
245 1 0 _aBangladesh population census-2001 = বাংলাদেশ আদমশুমারি-২০০১ :
_bZila series, Zila: Chuadanga = জেলা সিরিজ, জেলা: চুয়াডাঙ্গা /
_cBangladesh Bureau of Statistics.
246 _aবাংলাদেশ আদমশুমারি-২০০১ :
_bজেলা সিরিজ, জেলা : চুয়াডাঙ্গা
260 _aDhaka :
_bBangladesh Bureau of Statistics,
_c2006.
300 _axviii, 175 p. :
_bill. ;
_c28 cm.
490 _aZila series, Zila: Chuadanga
490 _aজেলা সিরিজ, জেলা: চুয়াডাঙ্গা
500 _aPrefatory matter in Bengali and English.
651 _aBangladesh
_zChuadanga
_vcensus, 2001
_9183998
651 _aBangladesh
_zChuadanga
_xPopulation
_vStatistics
_9183999
830 _aZila series, Zila: Chuadanga
_9184000
830 _aজেলা সিরিজ, জেলা: চুয়াডাঙ্গা
_9184138
942 _2ddc
_cRAR
999 _c61803
_d61803